| 000 | 01218nam a2200457 a 4500 | ||
|---|---|---|---|
| 003 | AR-BaBNM | ||
| 005 | 20251128204734.0 | ||
| 008 | 082120s2002 ||||||||||||||000 | spa|| | ||
| 020 | _a84-281-0276-7 | ||
| 040 | _cAR-BaBNM | ||
| 245 | 0 | 0 | _aPedagogía comparada |
| 250 | _a1ª ed. | ||
| 260 |
_aBarcelona _bOikos-tau _c1974 |
||
| 300 | _a167 p. | ||
| 490 | 0 |
_aTratado de ciencias pedagógicas _vv. 5 |
|
| 500 | _aContiene referencias bibliográficas | ||
| 650 | 4 | _aEDUCACION COMPARADA | |
| 650 | 4 | _aTEORIAS DE LA EDUCACION | |
| 650 | 4 | _aENSEÑANZA TECNICA | |
| 651 | 4 | _aURSS | |
| 651 | 4 | _aReino Unido | |
| 651 | 4 | _aEstados Unidos | |
| 651 | 4 | _aChina | |
| 651 | 4 | _aAmérica Latina | |
| 651 | 4 | _aAlemania | |
| 653 | 0 | _aSISTEMA EDUCATIVO | |
| 653 | _aEDUCACION INICIAL | ||
| 653 | _aEDUCACION PRIMARIA | ||
| 653 | _aEDUCACION SECUNDARIA | ||
| 653 | _aEDUCACION SUPERIOR | ||
| 700 | 1 | _aHolmes, Brian | |
| 700 | 1 | _aBereday, George Z.F. | |
| 700 | 1 | _aSpringer, Ursula | |
| 700 | 1 | _aRohrs, Hermann | |
| 700 | 1 | _aVexliard, Alexandre | |
| 700 | 1 | _aPrice, Ronald F. | |
| 800 | 1 |
_aDebesse, Maurice _edirector |
|
| 800 | 1 |
_aMialaret, Gaston _edirector |
|
| 942 | _cBK | ||
| 998 | _cGrace | ||
| 999 |
_c8632 _d8632 |
||